| 000 | 05510nam a22017297a 4500 | ||
|---|---|---|---|
| 003 | PE-LiUPU | ||
| 005 | 20250813170010.0 | ||
| 008 | 220912b |||||||| |||| 00| 0 spa d | ||
| 020 | _a9788428339940 | ||
| 040 |
_aPE-LiUPU _bspa _cPE-LiUPU _erda |
||
| 082 |
_223 _a697 _bR456e |
||
| 100 | 1 |
_aRey Martínez, F. Javier _4aut _eautor |
|
| 245 | 1 | 0 |
_aEficiencia energética de los edificios : _bcertificación energética / _cFrancisco Javier Rey Martínez, Eloy Velasco Gómez, Javier M. Rey Hernández |
| 250 | _aPrimera Edición | ||
| 264 |
_aMadrid : _bParaninfo, _c2018 |
||
| 300 |
_a223 páginas _c24 centímetros |
||
| 336 |
_aTexto (visual) _2isbdcontent |
||
| 337 |
_asin mediación _2isbdmedia |
||
| 504 | _aBibliografía: 221-223 | ||
| 505 | _aIntroducción -- Sostenibilidad energética en edificios -- Energía y desarrollo sostenible -- Edificios sostenibles -- Valores que definen las prestaciones energéticas en la envolvente del edificio -- Sistemas de climatización del edificio -- Integración de las energías renovables en edificios. Otros sistemas enérgicamente eficientes -- Legislación europea sobre eficiencia energética en edificios – Eficiencia del uso final de la energía y los servicios energéticos – Legislación española sobre energética edificatoria. El código técnico de la edificación (CTE) – Real decreto 235/2013, sobre Certificación energética -- EVALUACIÓN ENERGÉTICA EN EDIFICIOS – Contexto de la evaluación energética – Fundamentos de los métodos de evaluación – Revisión de los modelos de caracterización y evaluación -- CERTIFICACIÓN ENERGÉTICA DE EDIFICIOS -- Características de la certificación energética -- Calidad energética de los edificios -- Metodología de cálculo de los consumos energéticos -- Certificación energética en España -- Certificación energética en algunos países de la UE -- Certificación energética de edificios en los Estados Unidos (EE. UU.) -- Certificación energética en Canadá -- Otros métodos de certificación energética -- Certificados internacionales de sostenibilidad -- HERRAMIENTAS DE LA CERTIFICACIÓN ENERGETICA DE EDIFICIOS EN ESPAÑA -- Simulación energética de edificios – Herramientas de certificación energética en España -- Modelo administrativo de certificación energética de edificios -- CASOS DE ESTUDIO DE CERTIFICACIÓN ENERGETICA -- Ejemplo de una certificación energética con el programa CE3X aplicado en una vivienda existente -- Ejemplo de una certificación energética con el programa CERMA aplicado en una vivienda existente -- Ejemplo de una certificación energética con el programa HULC aplicado a una vivienda individual nueva. | ||
| 526 | _aP203 | ||
| 526 | _aP200 | ||
| 526 | _aSEG65 | ||
| 526 | _aSEG64 | ||
| 526 | _aSEG63 | ||
| 526 | _aSEG62 | ||
| 526 | _aSEG61 | ||
| 526 | _aSEG60 | ||
| 526 | _aSEG59 | ||
| 526 | _aSEG58 | ||
| 526 | _aSEG57 | ||
| 526 | _aSEG56 | ||
| 526 | _aSEG55 | ||
| 526 | _aSEG54 | ||
| 526 | _aSEG53 | ||
| 526 | _aSEG52 | ||
| 526 | _aSEG51 | ||
| 526 | _aSEG50 | ||
| 526 | _aSEG49 | ||
| 526 | _aSEG48 | ||
| 526 | _aSEG47 | ||
| 526 | _aSEG46 | ||
| 526 | _aSEG24 | ||
| 526 | _aSEG23 | ||
| 526 | _aSEG22 | ||
| 526 | _aSEG21 | ||
| 526 | _aSEG20 | ||
| 526 | _aSEG19 | ||
| 526 | _aSEG18 | ||
| 526 | _aSEG17 | ||
| 526 | _aSEG16 | ||
| 526 | _aSEG14 | ||
| 526 | _aSEG13 | ||
| 526 | _aSEG12 | ||
| 526 | _aSEG11 | ||
| 526 | _aSEG10 | ||
| 526 | _aSEG09 | ||
| 526 | _aSEG06 | ||
| 526 | _aSEG05 | ||
| 526 | _aSEG04 | ||
| 526 | _aSEG03 | ||
| 526 | _aSEG02 | ||
| 526 | _aSEG68 | ||
| 526 | _aSEG66 | ||
| 526 | _aSEG45 | ||
| 526 | _aSEG25 | ||
| 526 | _aSEG01 | ||
| 526 | _aP163 | ||
| 526 | _aP162 | ||
| 526 | _aP161 | ||
| 526 | _aP160 | ||
| 526 | _aP159 | ||
| 526 | _aP158 | ||
| 526 | _aP157 | ||
| 526 | _aP156 | ||
| 526 | _aP155 | ||
| 526 | _aP154 | ||
| 526 | _aP153 | ||
| 526 | _aP152 | ||
| 526 | _aP151 | ||
| 526 | _aP150 | ||
| 526 | _aP149 | ||
| 526 | _aP142 | ||
| 526 | _aP141 | ||
| 526 | _aP140 | ||
| 526 | _aP139 | ||
| 526 | _aP138 | ||
| 526 | _aP137 | ||
| 526 | _aP132 | ||
| 526 | _aP131 | ||
| 526 | _aP130 | ||
| 526 | _aP126 | ||
| 526 | _aP125 | ||
| 526 | _aP124 | ||
| 526 | _aP123 | ||
| 526 | _aP115 | ||
| 526 | _aP122 | ||
| 526 | _aP121 | ||
| 526 | _aP116 | ||
| 526 | _a P114 | ||
| 526 | _aP112 | ||
| 526 | _aP111 | ||
| 526 | _aP104 | ||
| 526 | _aP103 | ||
| 526 | _aP102 | ||
| 526 | _aP101 | ||
| 526 | _aP100 | ||
| 526 | _aP96 | ||
| 526 | _aP95 | ||
| 526 | _aP93 | ||
| 526 | _aP92 | ||
| 526 | _aP91 | ||
| 526 | _aP88 | ||
| 526 | _aP83 | ||
| 526 | _aP82 | ||
| 526 | _aP79 | ||
| 526 | _aP78 | ||
| 526 | _aP75 | ||
| 526 | _aP74 | ||
| 526 | _aP71 | ||
| 526 | _aP69 | ||
| 526 | _a P51 | ||
| 526 | _aP49 | ||
| 526 | _aP48 | ||
| 526 | _aP47 | ||
| 526 | _aP33 | ||
| 526 | _aP31 | ||
| 526 | _a P30 | ||
| 526 | _aP29 | ||
| 526 | _aP27 | ||
| 526 | _aP26 | ||
| 526 | _aP25 | ||
| 526 | _aP24 | ||
| 526 | _a P22 | ||
| 526 | _aP10 | ||
| 526 | _aP09 | ||
| 526 | _a P08 | ||
| 526 | _aP06 | ||
| 526 | _aP05 | ||
| 526 | _aP04 | ||
| 526 | _aP01 | ||
| 650 | 7 |
_aEdificios _xAhorro de energía _2embne |
|
| 700 | 1 |
_aVelasco Gómez, Eloy _4aut |
|
| 700 | 1 |
_aRey Hernández, Javier M. _4aut |
|
| 942 |
_2ddc _cBOOK _n0 |
||
| 980 |
_618226 _aJaime Vilcazán _81 _gALBERTO SANCHEZ Responsable de Automatización |
||
| 999 |
_c61553 _d61553 |
||